[Event "Verbandsliga MVP 2013-14"]
[Site "MVP"]
[Date "2013.11.24"]
[Round "3.1"]
[White "Hornych, Christoph"]
[Black "Rittemann, Steffen"]
[Result "0-1"]
[WhiteElo "2061"]
[BlackElo "2160"]
[PlyCount "56"]
[EventDate "2013.??.??"]
[EventType "team-tourn"]
[EventRounds "9"]
[EventCountry "GER"]
[SourceDate "2013.10.20"]
[WhiteTeam "SF Ostsee Warnemünde"]
[BlackTeam "SF Schwerin II"]
[WhiteTeamCountry "GER"]
[BlackTeamCountry "GER"]

1. e4 c5 2. Nf3 d6 3. d4 cxd4 4. Nxd4 Nf6 5. Nc3 a6 6. Bc4 e6 7. a4 Be7 8. Be3
O-O 9. O-O Nc6 10. Qe2 Bd7 11. f4 Nxe4 12. Nxe4 d5 13. Bxd5 exd5 14. Nd2 Re8
15. Qf2 Nxd4 16. Bxd4 Bf5 17. c3 Bh4 18. g3 Be7 19. Rfe1 Bf8 20. Qg2 Qd7 21. a5
h5 22. Nf3 Qb5 23. Nh4 Rxe1+ 24. Rxe1 Be4 25. Qe2 Bc5 26. Qf2 Bxd4 27. Qxd4
Qxb2 28. Rxe4 Qb1+ 0-1

[Event "Verbandsliga MVP 2013-14"]
[Site "MVP"]
[Date "2013.11.24"]
[Round "3.2"]
[White "Westphal, Wolfgang"]
[Black "Schumacher, Dirk"]
[Result "1-0"]
[WhiteElo "2100"]
[BlackElo "2000"]
[PlyCount "61"]
[EventDate "2013.??.??"]
[EventType "team-tourn"]
[EventRounds "9"]
[EventCountry "GER"]
[SourceDate "2013.10.20"]
[WhiteTeam "SF Schwerin II"]
[BlackTeam "SF Ostsee Warnemünde"]
[WhiteTeamCountry "GER"]
[BlackTeamCountry "GER"]

1. e4 c5 2. Nf3 d6 3. Bb5+ Bd7 4. Bxd7+ Qxd7 5. O-O Nc6 6. c3 d5 7. exd5 Qxd5
8. d4 e6 9. Be3 cxd4 10. cxd4 Nf6 11. Nc3 Qh5 12. Qb3 O-O-O 13. Ne5 Nxe5 14.
dxe5 Qxe5 15. Nb5 Bd6 16. Rac1+ Kb8 17. Bxa7+ Ka8 18. f4 Qxb5 19. Qxb5 Kxa7 20.
Rc4 Kb8 21. Qa5 Rc8 22. Ra4 Bc5+ 23. Kh1 Ng4 24. g3 Rhd8 25. Rc1 Rd5 26. b4
Nf2+ 27. Kg2 Nd3 28. Rxc5 Nxc5 29. Qa7+ Kc7 30. bxc5 Rd7 31. c6 1-0

[Event "Verbandsliga MVP 2013-14"]
[Site "MVP"]
[Date "2013.11.24"]
[Round "3.3"]
[White "Ruesch, Hans Joachim"]
[Black "Heinsohn, Wilfried"]
[Result "1/2-1/2"]
[WhiteElo "1984"]
[BlackElo "2101"]
[PlyCount "52"]
[EventDate "2013.??.??"]
[EventType "team-tourn"]
[EventRounds "9"]
[EventCountry "GER"]
[SourceDate "2013.10.20"]
[WhiteTeam "SF Ostsee Warnemünde"]
[BlackTeam "SF Schwerin II"]
[WhiteTeamCountry "GER"]
[BlackTeamCountry "GER"]

1. d4 Nf6 2. Nf3 g6 3. c4 Bg7 4. Nc3 O-O 5. e4 d6 6. Be2 c5 7. O-O cxd4 8. Nxd4
Nc6 9. Be3 Bd7 10. Nxc6 Bxc6 11. f3 Nd7 12. Qd2 a5 13. Rfd1 Nc5 14. Bd4 a4 15.
Bxg7 Kxg7 16. Qd4+ f6 17. Nd5 e5 18. Qd2 Ne6 19. Ne3 Qb6 20. Kh1 Rad8 21. Rab1
f5 22. exf5 gxf5 23. b4 axb3 24. axb3 f4 25. Nd5 Bxd5 26. Qxd5 Nd4 1/2-1/2

[Event "Verbandsliga MVP 2013-14"]
[Site "MVP"]
[Date "2013.11.24"]
[Round "3.4"]
[White "Wolf, Christoph"]
[Black "Hamann, Dirk"]
[Result "1-0"]
[WhiteElo "2103"]
[BlackElo "1878"]
[PlyCount "47"]
[EventDate "2013.??.??"]
[EventType "team-tourn"]
[EventRounds "9"]
[EventCountry "GER"]
[SourceDate "2013.10.20"]
[WhiteTeam "SF Schwerin II"]
[BlackTeam "SF Ostsee Warnemünde"]
[WhiteTeamCountry "GER"]
[BlackTeamCountry "GER"]

1. Nf3 d5 2. c4 dxc4 3. Na3 Nf6 4. Nxc4 Nc6 5. b3 Bf5 6. Bb2 e6 7. g3 Be7 8.
Bg2 O-O 9. O-O h5 10. Rc1 Nh7 11. Nfe5 Nxe5 12. Nxe5 f6 13. Nf3 e5 14. d4 exd4
15. Nxd4 Bc8 16. Qc2 c6 17. Rfd1 Qa5 18. a3 f5 19. b4 Qc7 20. Qb3+ Kh8 21. Qf3
h4 22. Nxc6 bxc6 23. Rxc6 Qb8 24. Rh6 1-0

[Event "Verbandsliga MVP 2013-14"]
[Site "MVP"]
[Date "2013.11.24"]
[Round "3.5"]
[White "Wolke, Heiko"]
[Black "Wandel, Bernd"]
[Result "1-0"]
[WhiteElo "1910"]
[BlackElo "2073"]
[PlyCount "61"]
[EventDate "2013.??.??"]
[EventType "team-tourn"]
[EventRounds "9"]
[EventCountry "GER"]
[SourceDate "2013.10.20"]
[WhiteTeam "SF Ostsee Warnemünde"]
[BlackTeam "SF Schwerin II"]
[WhiteTeamCountry "GER"]
[BlackTeamCountry "GER"]

1. e4 c6 2. d4 d5 3. exd5 cxd5 4. Bd3 Nc6 5. c3 Nf6 6. Nf3 Bg4 7. O-O e6 8. Bf4
Bd6 9. Bxd6 Qxd6 10. Nbd2 O-O 11. Qb3 a6 12. a4 Rfc8 13. Rfe1 Rab8 14. Ne5 Bf5
15. Bxf5 exf5 16. Nxc6 bxc6 17. Qc2 g6 18. Re2 a5 19. Rae1 Rc7 20. Nb3 Ng4 21.
g3 f4 22. Re8+ Rxe8 23. Rxe8+ Kg7 24. Qe2 h5 25. Kg2 Nf6 26. Qe5 Qd7 27. Nc5
f3+ 28. Kxf3 Qg4+ 29. Kg2 Ra7 30. f3 Qf5 31. Qxf5 1-0

[Event "Verbandsliga MVP 2013-14"]
[Site "MVP"]
[Date "2013.11.24"]
[Round "3.6"]
[White "Roehl, Rainer"]
[Black "Birnbaum, Wolf Dieter"]
[Result "1/2-1/2"]
[WhiteElo "2031"]
[BlackElo "1828"]
[PlyCount "36"]
[EventDate "2013.??.??"]
[EventType "team-tourn"]
[EventRounds "9"]
[EventCountry "GER"]
[SourceDate "2013.10.20"]
[WhiteTeam "SF Schwerin II"]
[BlackTeam "SF Ostsee Warnemünde"]
[WhiteTeamCountry "GER"]
[BlackTeamCountry "GER"]

1. d4 Nf6 2. Nf3 g6 3. Nc3 d5 4. Bf4 Bg7 5. Qd2 Ne4 6. Nxe4 dxe4 7. Ne5 Nd7 8.
Nxd7 Qxd7 9. c3 h5 10. e3 O-O 11. Qc2 f5 12. O-O-O c6 13. Qb3+ Kh7 14. h3 b5
15. f3 exf3 16. gxf3 a5 17. Rg1 a4 18. Qc2 Qe6 1/2-1/2

[Event "Verbandsliga MVP 2013-14"]
[Site "MVP"]
[Date "2013.11.24"]
[Round "3.7"]
[White "Herholz, Holger"]
[Black "Kunze, Kerstin"]
[Result "0-1"]
[WhiteElo "1825"]
[BlackElo "2045"]
[PlyCount "72"]
[EventDate "2013.??.??"]
[EventType "team-tourn"]
[EventRounds "9"]
[EventCountry "GER"]
[SourceDate "2013.10.20"]
[WhiteTeam "SF Ostsee Warnemünde"]
[BlackTeam "SF Schwerin II"]
[WhiteTeamCountry "GER"]
[BlackTeamCountry "GER"]

1. d4 Nf6 2. c4 c5 3. Nf3 cxd4 4. Nxd4 g6 5. Nc3 Bg7 6. e3 O-O 7. Be2 Nc6 8.
Nxc6 bxc6 9. O-O d5 10. cxd5 cxd5 11. Bd2 Rb8 12. b3 e5 13. Rc1 Bd7 14. Bd3 e4
15. Bb1 Be6 16. Na4 Ng4 17. Nc5 Qd6 18. g3 Ne5 19. Nxe6 Nf3+ 20. Kg2 fxe6 21.
Bc3 Bxc3 22. Rxc3 Qe5 23. Qc2 Qh5 24. Rh1 Qg4 25. h3 Qf5 26. Qe2 Ng5 27. h4 Nf3
28. Rc7 Rbc8 29. Rhc1 Rxc7 30. Rxc7 Qg4 31. Rxa7 Nxh4+ 32. Kf1 Qh3+ 33. Ke1
Nf3+ 34. Kd1 Qh1+ 35. Kc2 Rc8+ 36. Kb2 Qc1+ 0-1

[Event "Verbandsliga MVP 2013-14"]
[Site "MVP"]
[Date "2013.11.24"]
[Round "3.8"]
[White "Hasselmann, Dieter"]
[Black "Boecking, Uwe"]
[Result "1-0"]
[WhiteElo "2030"]
[BlackElo "1749"]
[PlyCount "127"]
[EventDate "2013.??.??"]
[EventType "team-tourn"]
[EventRounds "9"]
[EventCountry "GER"]
[SourceDate "2013.10.20"]
[WhiteTeam "SF Schwerin II"]
[BlackTeam "SF Ostsee Warnemünde"]
[WhiteTeamCountry "GER"]
[BlackTeamCountry "GER"]

1. e4 c5 2. c3 d5 3. exd5 Qxd5 4. d4 cxd4 5. cxd4 Nc6 6. Nf3 e6 7. Nc3 Qd8 8.
Be2 Nf6 9. O-O Be7 10. a3 O-O 11. b4 a6 12. Bb2 b5 13. Qc2 Nxd4 14. Nxd4 Qxd4
15. Bf3 Rb8 16. Nd5 Qa7 17. Bd4 Qd7 18. Nxe7+ Qxe7 19. Bc5 Qc7 20. a4 Nd7 21.
axb5 Nxc5 22. bxc5 Rxb5 23. Rfc1 a5 24. g3 Rd8 25. Qc3 Rb4 26. c6 Ba6 27. Qc5
Bb5 28. Rd1 Rxd1+ 29. Rxd1 g6 30. h4 Ba6 31. Rd7 Qb6 32. Qxb6 Rxb6 33. Rd8+ Kg7
34. c7 Rb1+ 35. Kh2 Rc1 36. Ra8 Rxc7 37. Rxa6 Rc5 38. Kg2 h5 39. Ra7 Kf6 40.
Bd1 g5 41. Bxh5 gxh4 42. Rxf7+ Kg5 43. Bd1 hxg3 44. Kxg3 e5 45. Rh7 Rc3+ 46.
Kg2 Kf4 47. Rh4+ Kg5 48. Ra4 Rc5 49. Bf3 Kf5 50. Be4+ Kf4 51. Bd3+ Kg5 52. Kf3
Kf6 53. Rh4 Kg5 54. Rg4+ Kf6 55. Rg6+ Ke7 56. Ra6 Kf7 57. Ke4 Ke7 58. Kf5 Rd5
59. Be4 Rc5 60. Re6+ Kd7 61. Rxe5 Rxe5+ 62. Kxe5 Ke7 63. Bc6 Kf8 64. f4 1-0

[Event "Verbandsliga MVP 2013-14"]
[Site "MVP"]
[Date "2013.12.15"]
[Round "4.1"]
[White "Hanisch, Sebastian"]
[Black "Mildner, Jens"]
[Result "1-0"]
[WhiteElo "2045"]
[BlackElo "2029"]
[PlyCount "141"]
[EventDate "2013.??.??"]
[EventType "team-tourn"]
[EventRounds "9"]
[EventCountry "GER"]
[SourceDate "2013.10.20"]
[WhiteTeam "SF Schwerin III"]
[BlackTeam "Greifswalder SV II"]
[WhiteTeamCountry "GER"]
[BlackTeamCountry "GER"]

1. Nf3 d5 2. b3 Nf6 3. Bb2 e6 4. e3 Be7 5. Be2 O-O 6. O-O b6 7. d3 Bb7 8. Ne5
Nfd7 9. f4 f6 10. Nf3 c5 11. c4 dxc4 12. bxc4 Nc6 13. Nc3 e5 14. f5 Bd6 15. Nd2
Rc8 16. Bf3 Na5 17. Bxb7 Nxb7 18. Qf3 Rb8 19. Nb5 Kh8 20. Nxa7 Qc7 21. Nb5 Qc8
22. Qd5 Be7 23. Ne4 Ra8 24. Nec3 Rd8 25. Qf7 Bf8 26. e4 Nd6 27. Nxd6 Bxd6 28.
Rf3 Nf8 29. g4 Rd7 30. Qh5 Be7 31. Nd5 Rb7 32. g5 Qe8 33. Qg4 Bd8 34. h4 Raa7
35. Nc3 Rd7 36. Kh2 Rdb7 37. Nb5 Be7 38. Nxa7 Rxa7 39. Rf2 Qd8 40. Qg3 Nd7 41.
g6 h6 42. Bc1 Bf8 43. Rb2 Kg8 44. Bd2 Ra4 45. Qe1 Bd6 46. Qd1 Qa8 47. Qb3 Kf8
48. Qc2 Ke7 49. Rb3 Bc7 50. Qb2 Kf8 51. Bc1 Ke7 52. Ra3 Nb8 53. Rxa4 Qxa4 54.
Qb3 Qa5 55. Be3 Nc6 56. Qb5 Qa8 57. a4 Kd6 58. Qb2 Ke7 59. Kh3 Kd6 60. Qd2 Qf8
61. Rg1 Ne7 62. Kh2 Qa8 63. a5 Qa7 64. axb6 Bxb6 65. Qb2 Kc7 66. Ra1 Qb7 67.
Qb5 Nc6 68. Qa6 Qxa6 69. Rxa6 Kb7 70. Ra3 Nb4 71. Bxh6 1-0

[Event "Verbandsliga MVP 2013-14"]
[Site "MVP"]
[Date "2013.12.15"]
[Round "4.2"]
[White "Hagenlueke, Thomas"]
[Black "Wagner, Ralph"]
[Result "1/2-1/2"]
[WhiteElo "1897"]
[BlackElo "2037"]
[PlyCount "111"]
[EventDate "2013.??.??"]
[EventType "team-tourn"]
[EventRounds "9"]
[EventCountry "GER"]
[SourceDate "2013.10.20"]
[WhiteTeam "Greifswalder SV II"]
[BlackTeam "SF Schwerin III"]
[WhiteTeamCountry "GER"]
[BlackTeamCountry "GER"]

1. d4 e6 2. c4 Bb4+ 3. Nc3 f5 4. Qc2 Nf6 5. e3 b6 6. Bd3 Bb7 7. f3 O-O 8. Nge2
d6 9. O-O Bxc3 10. Nxc3 Nc6 11. a3 Qe8 12. b4 Qh5 13. b5 Ne7 14. e4 fxe4 15.
Nxe4 Nxe4 16. Bxe4 Bxe4 17. Qxe4 Qf5 18. Bd2 d5 19. cxd5 Nxd5 20. Rfe1 Rae8 21.
Qxf5 exf5 22. Re5 Rxe5 23. dxe5 f4 24. Re1 Rf5 25. e6 Kf8 26. Re4 Ke7 27. Kf2
Rf6 28. Ra4 Rxe6 29. Bxf4 h6 30. Bd2 Kd6 31. Bb4+ Nxb4 32. Rxb4 Kc5 33. Rg4 g5
34. a4 c6 35. bxc6 Kxc6 36. h4 gxh4 37. Rxh4 a6 38. g4 b5 39. axb5+ axb5 40.
Rh1 b4 41. f4 Kc5 42. Kf3 Kd4 43. Rd1+ Kc3 44. g5 hxg5 45. fxg5 b3 46. Kf4 Kc2
47. Ra1 b2 48. Ra2 Ra6 49. Rxb2+ Kxb2 50. Kf5 Kc3 51. g6 Kd4 52. g7 Ra8 53. Kf6
Ke4 54. Kf7 Kf5 55. g8=Q Rxg8 56. Kxg8 1/2-1/2

[Event "Verbandsliga MVP 2013-14"]
[Site "MVP"]
[Date "2013.12.15"]
[Round "4.3"]
[White "Helms, Sven"]
[Black "Hertel, Johannes"]
[Result "1/2-1/2"]
[WhiteElo "1907"]
[BlackElo "1927"]
[PlyCount "75"]
[EventDate "2013.??.??"]
[EventType "team-tourn"]
[EventRounds "9"]
[EventCountry "GER"]
[SourceDate "2013.10.20"]
[WhiteTeam "SF Schwerin III"]
[BlackTeam "Greifswalder SV II"]
[WhiteTeamCountry "GER"]
[BlackTeamCountry "GER"]

1. d4 Nf6 2. c4 e6 3. Nf3 c5 4. e3 cxd4 5. exd4 d5 6. Nc3 Bb4 7. Bd3 O-O 8. O-O
dxc4 9. Bxc4 Qc7 10. Qe2 Bxc3 11. bxc3 b6 12. Bg5 Nbd7 13. Rac1 Bb7 14. Ba6
Bxa6 15. Qxa6 Ne4 16. Qd3 Nxg5 17. Nxg5 Nf6 18. f4 h6 19. Ne4 Nxe4 20. Qxe4 Qc4
21. Rf2 Qd5 22. Qe2 Rac8 23. Rf3 Rc4 24. Rd1 Rfc8 25. Rdd3 Ra4 26. Rd2 Rac4 27.
Rdd3 Qa5 28. Qd2 Ra4 29. Rf2 Ra3 30. d5 exd5 31. Rxd5 Qxc3 32. Rd8+ Rxd8 33.
Qxd8+ Kh7 34. h3 Qc1+ 35. Rf1 Qe3+ 36. Kh1 Rxa2 37. Qd5 Qe2 38. Qf5+ 1/2-1/2

[Event "Verbandsliga MVP 2013-14"]
[Site "MVP"]
[Date "2013.12.15"]
[Round "4.4"]
[White "Schwahn, Christian"]
[Black "Andersen, Finn"]
[Result "1-0"]
[WhiteElo "1947"]
[BlackElo "2024"]
[PlyCount "101"]
[EventDate "2013.??.??"]
[EventType "team-tourn"]
[EventRounds "9"]
[EventCountry "GER"]
[SourceDate "2013.10.20"]
[WhiteTeam "Greifswalder SV II"]
[BlackTeam "SF Schwerin III"]
[WhiteTeamCountry "GER"]
[BlackTeamCountry "GER"]

1. e4 d6 2. d4 Nf6 3. Nc3 Nbd7 4. Nf3 e5 5. Be2 Be7 6. O-O O-O 7. a4 c6 8. h3
Re8 9. Be3 Qc7 10. a5 Bf8 11. dxe5 dxe5 12. Bg5 Bb4 13. Nd2 Bxa5 14. Ncb1 Bb4
15. c3 Be7 16. b4 Nf8 17. Na3 Ne6 18. Be3 b5 19. Qb1 a5 20. Rc1 Bb7 21. g3 axb4
22. cxb4 Qd6 23. Nc2 Nd7 24. Rxa8 Rxa8 25. Nb3 Bg5 26. Na5 Bxe3 27. Nxe3 Qb8
28. Bg4 Ndf8 29. Nxc6 Bxc6 30. Rxc6 Qb7 31. Nd5 Kh8 32. Rb6 Qc8 33. Rxb5 Qc4
34. Ra5 Rb8 35. Ra3 Ng5 36. Re3 h5 37. Be2 Nxh3+ 38. Kg2 Qc8 39. Qh1 Ng5 40.
Qxh5+ Nfh7 41. f4 g6 42. Qh6 Ne6 43. Nf6 Nef8 44. g4 Qd8 45. Nd5 exf4 46. Rh3
f6 47. Qxf4 Kg8 48. Bc4 g5 49. Nxf6+ Kg7 50. Nh5+ Kh6 51. Ng7+ 1-0

[Event "Verbandsliga MVP 2013-14"]
[Site "MVP"]
[Date "2013.12.15"]
[Round "4.5"]
[White "Schiewer, Robert"]
[Black "Nauschuetz, Ernst"]
[Result "0-1"]
[WhiteElo "1897"]
[BlackElo "1893"]
[PlyCount "66"]
[EventDate "2013.??.??"]
[EventType "team-tourn"]
[EventRounds "9"]
[EventCountry "GER"]
[SourceDate "2013.10.20"]
[WhiteTeam "SF Schwerin III"]
[BlackTeam "Greifswalder SV II"]
[WhiteTeamCountry "GER"]
[BlackTeamCountry "GER"]

1. c4 c5 2. Nc3 g6 3. g3 Nc6 4. Bg2 Bg7 5. Nf3 e5 6. O-O Nge7 7. Ne1 O-O 8. f4
d6 9. Nd5 Rb8 10. d3 b5 11. Rb1 Nxd5 12. cxd5 Ne7 13. e4 a5 14. f5 gxf5 15. Qh5
fxe4 16. dxe4 Ng6 17. Bh6 Qd7 18. Bxg7 Kxg7 19. h3 f5 20. Nf3 h6 21. Nh4 Nxh4
22. Qxh4 Rb7 23. exf5 Rxf5 24. Be4 Rxf1+ 25. Rxf1 Qe7 26. Qh5 Qg5 27. Qf3 Qe7
28. h4 Qe8 29. Qf6+ Kg8 30. Bg6 Qe7 31. Bh7+ Kxh7 32. Qf3 Qg7 33. h5 Kg8 0-1

[Event "Verbandsliga MVP 2013-14"]
[Site "MVP"]
[Date "2013.12.15"]
[Round "4.6"]
[White "Mentel, Juergen"]
[Black "Popp, Michael"]
[Result "1/2-1/2"]
[WhiteElo "1876"]
[BlackElo "1721"]
[PlyCount "38"]
[EventDate "2013.??.??"]
[EventType "team-tourn"]
[EventRounds "9"]
[EventCountry "GER"]
[SourceDate "2013.10.20"]
[WhiteTeam "Greifswalder SV II"]
[BlackTeam "SF Schwerin III"]
[WhiteTeamCountry "GER"]
[BlackTeamCountry "GER"]

1. e4 e5 2. d4 exd4 3. Qxd4 Nc6 4. Qe3 b6 5. Bd2 Nf6 6. Nc3 Bc5 7. Qg3 Nh5 8.
Qf3 g6 9. O-O-O Ne5 10. Qe2 a5 11. f3 Ba6 12. Qe1 Bxf1 13. Qxf1 c6 14. g4 Ng7
15. Bf4 Qe7 16. h4 h6 17. Na4 f6 18. Qe2 Ne6 19. Nxc5 Nxf4 1/2-1/2

[Event "Verbandsliga MVP 2013-14"]
[Site "MVP"]
[Date "2013.12.15"]
[Round "4.7"]
[White "Siegert, Gregor"]
[Black "Sowada, Christoph"]
[Result "0-1"]
[WhiteElo "1859"]
[BlackElo "1871"]
[PlyCount "126"]
[EventDate "2013.??.??"]
[EventType "team-tourn"]
[EventRounds "9"]
[EventCountry "GER"]
[SourceDate "2013.10.20"]
[WhiteTeam "SF Schwerin III"]
[BlackTeam "Greifswalder SV II"]
[WhiteTeamCountry "GER"]
[BlackTeamCountry "GER"]

1. Nf3 f5 2. g3 g6 3. Bg2 Bg7 4. d4 d6 5. Bf4 Nh6 6. Nc3 c6 7. e4 Qb6 8. Qd2
Nf7 9. O-O e5 10. Be3 Qc7 11. dxe5 dxe5 12. Ng5 O-O 13. Nxf7 Rxf7 14. Rad1 Rd7
15. Qc1 Rxd1 16. Rxd1 Be6 17. exf5 gxf5 18. Bh6 Qe7 {(=)} 19. Bg5 Bf6 20. Bxf6
Qxf6 21. Rd6 Qe7 22. Qd2 Nd7 23. b4 Nb6 24. Rd3 Bc4 25. Rf3 Rd8 26. Qc1 Be6 27.
Bh3 Rf8 28. Qh6 Qf6 {(=)} 29. Qxf6 Rxf6 30. Ne4 fxe4 31. Rxf6 Bxh3 32. Rd6 Kf7
33. Rh6 Bf5 34. g4 Bg6 35. h4 Kg7 36. g5 Nd5 37. h5 Bf5 38. a3 e3 39. fxe3 Nxe3
40. c3 Nd5 41. c4 Nf4 42. Kh2 Bg4 43. Kg3 Bxh5 44. Rd6 Bf7 45. Rd7 Kg6 46. Rxb7
Bxc4 47. Rxa7 Nd5 48. Kf3 Bd3 49. Rd7 Kxg5 50. Rd6 e4+ 51. Kf2 e3+ 52. Ke1 Bb5
53. Rd8 Nf4 54. Rg8+ Kf5 55. Kd1 h5 56. Re8 Ng2 57. a4 Bxa4+ 58. Ke2 Kf4 59.
Rf8+ Kg3 60. Rg8+ Kh2 61. b5 Bxb5+ 62. Kf3 Bf1 63. Rg5 h4 0-1

[Event "Verbandsliga MVP 2013-14"]
[Site "MVP"]
[Date "2013.12.15"]
[Round "4.8"]
[White "Malchau, Jochen"]
[Black "Voll, Andreas"]
[Result "1/2-1/2"]
[WhiteElo "1550"]
[BlackElo "1807"]
[PlyCount "55"]
[EventDate "2013.??.??"]
[EventType "team-tourn"]
[EventRounds "9"]
[EventCountry "GER"]
[SourceDate "2013.10.20"]
[WhiteTeam "Greifswalder SV II"]
[BlackTeam "SF Schwerin III"]
[WhiteTeamCountry "GER"]
[BlackTeamCountry "GER"]

1. d4 Nf6 2. c4 e6 3. Nc3 d5 4. Bg5 Be7 5. e3 h6 6. Bh4 O-O 7. Nf3 b6 8. cxd5
exd5 9. Bd3 Bb7 10. O-O Nbd7 11. Rc1 c5 12. Re1 Rc8 13. Bb1 Re8 14. Qd3 Nf8 15.
Ne5 Ne4 16. Bxe7 Qxe7 17. f3 c4 18. Qc2 Nd6 19. Qe2 b5 20. Ng4 Qg5 21. f4 Qe7
22. Qf3 Qd7 23. Ne5 Qe6 24. f5 Qf6 25. Nxd5 Qg5 26. e4 Bxd5 27. exd5 Qd2 28.
Qf2 1/2-1/2

[Event "Verbandsliga MVP 2013-14"]
[Site "MVP"]
[Date "2013.12.15"]
[Round "4.1"]
[White "Ispirjan, Mikael"]
[Black "Dettmann, Gerd"]
[Result "0-1"]
[WhiteElo "1952"]
[BlackElo "2088"]
[PlyCount "74"]
[EventDate "2013.??.??"]
[EventType "team-tourn"]
[EventRounds "9"]
[EventCountry "GER"]
[SourceDate "2013.10.20"]
[WhiteTeam "SAV Torgelow-Drögeheide 90"]
[BlackTeam "SG Güstrow/Teterow"]
[WhiteTeamCountry "GER"]
[BlackTeamCountry "GER"]

1. e4 c5 2. Nc3 Nc6 3. Nf3 e6 4. g3 Nf6 5. Bg2 d5 6. exd5 exd5 7. d4 Bg4 8.
Qe2+ Be7 9. dxc5 O-O 10. O-O Re8 11. Qb5 Qc8 12. Bf4 Bxf3 13. Bxf3 Nd4 14. Qd3
Nxf3+ 15. Qxf3 Qxc5 16. Bg5 Ne4 17. Bxe7 Rxe7 18. Nxe4 dxe4 19. Qe2 h5 20. c4
h4 21. Rad1 hxg3 22. hxg3 Rae8 23. Rd5 Qc6 24. b3 Re6 25. Rfd1 e3 26. f3 a6 27.
b4 Qc7 28. Kg2 Rg6 29. g4 Rh6 30. Rh1 Rxh1 31. Kxh1 Qg3 32. Rd1 Re6 33. Qg2
Rh6+ 34. Kg1 Qf4 35. Qe2 Rh3 36. Rd8+ Kh7 37. Qd3+ g6 0-1

[Event "Verbandsliga MVP 2013-14"]
[Site "MVP"]
[Date "2013.12.15"]
[Round "4.2"]
[White "Waschk, Armin"]
[Black "Zentgraf, Robert"]
[Result "1-0"]
[WhiteElo "2076"]
[BlackElo "2076"]
[PlyCount "87"]
[EventDate "2013.??.??"]
[EventType "team-tourn"]
[EventRounds "9"]
[EventCountry "GER"]
[SourceDate "2013.10.20"]
[WhiteTeam "SG Güstrow/Teterow"]
[BlackTeam "SAV Torgelow-Drögeheide 90"]
[WhiteTeamCountry "GER"]
[BlackTeamCountry "GER"]

1. e4 c5 2. c3 d5 3. exd5 Qxd5 4. d4 e5 5. dxe5 Qxd1+ 6. Kxd1 Nc6 7. f4 Bf5 8.
Nf3 O-O-O+ 9. Ke1 f6 10. Bb5 Nge7 11. exf6 gxf6 12. Kf2 a6 13. Bxc6 Nxc6 14.
Be3 b6 15. Nbd2 h5 16. g3 Rh7 17. Nh4 Bd3 18. h3 Nd4 19. cxd4 cxd4 20. Bxd4
Rxd4 21. Nb3 Rb4 22. Rhe1 Kb7 23. Rad1 Bc2 24. Rd8 Bxb3 25. Rxf8 Bxa2 26. Re2
Rd4 27. Nf5 Rd3 28. Rxf6 Bd5 29. Ne3 Bc6 30. Rg6 Rb3 31. Rg5 Re7 32. Rxh5 Bb5
33. Rxb5 Rxb5 34. g4 a5 35. f5 a4 36. h4 Rb4 37. Kf3 b5 38. h5 Rbe4 39. f6 R7e6
40. g5 R6e5 41. f7 Rxe3+ 42. Rxe3 Rf5+ 43. Kg4 Rxf7 44. g6 1-0

[Event "Verbandsliga MVP 2013-14"]
[Site "MVP"]
[Date "2013.12.15"]
[Round "4.3"]
[White "Onasch, Paul"]
[Black "Luther, Alexander"]
[Result "0-1"]
[WhiteElo "2000"]
[BlackElo "1907"]
[PlyCount "100"]
[EventDate "2013.??.??"]
[EventType "team-tourn"]
[EventRounds "9"]
[EventCountry "GER"]
[SourceDate "2013.10.20"]
[WhiteTeam "SAV Torgelow-Drögeheide 90"]
[BlackTeam "SG Güstrow/Teterow"]
[WhiteTeamCountry "GER"]
[BlackTeamCountry "GER"]

1. d4 Nf6 2. Nf3 d5 3. e3 Bf5 4. c4 e6 5. Qb3 Nbd7 6. Nc3 dxc4 7. Bxc4 Nb6 8.
Be2 Be7 9. O-O O-O 10. Bd2 Ne4 11. Rfd1 Bd6 12. Nxe4 Bxe4 13. Be1 Qf6 14. Nd2
Bd5 15. Qc2 Qh6 16. g3 f5 17. Bf3 Nd7 18. Bg2 Bxg2 19. Kxg2 Nf6 20. Nc4 g5 21.
f3 f4 22. e4 g4 23. e5 gxf3+ 24. Kxf3 Qh5+ 25. Kg2 f3+ 26. Kg1 Ng4 27. h4 f2+
28. Bxf2 Rxf2 29. Qe4 Be7 30. Rf1 Raf8 31. Ne3 Rxf1+ 32. Rxf1 Rxf1+ 33. Nxf1
Qf5 34. Qxf5 exf5 35. Kg2 c5 36. d5 Nxe5 37. Ne3 Kf7 38. Nxf5 Kf6 39. Ne3 Nd3
40. Kf3 Ke5 41. Kg4 Ke4 42. Nd1 Kxd5 43. Kf5 c4 44. h5 h6 45. Nc3+ Kd4 46. g4
Nxb2 47. Ne4 c3 48. g5 c2 49. gxh6 c1=Q 50. h7 Qh6 0-1

[Event "Verbandsliga MVP 2013-14"]
[Site "MVP"]
[Date "2013.12.15"]
[Round "4.4"]
[White "Dettmann, Holger"]
[Black "Schmekel, Florian"]
[Result "1-0"]
[WhiteElo "1896"]
[BlackElo "1778"]
[PlyCount "105"]
[EventDate "2013.??.??"]
[EventType "team-tourn"]
[EventRounds "9"]
[EventCountry "GER"]
[SourceDate "2013.10.20"]
[WhiteTeam "SG Güstrow/Teterow"]
[BlackTeam "SAV Torgelow-Drögeheide 90"]
[WhiteTeamCountry "GER"]
[BlackTeamCountry "GER"]

1. d4 Nf6 2. Nc3 d5 3. Bf4 Bf5 4. Qd2 e6 5. f3 c5 6. e3 cxd4 7. exd4 Be7 8. g4
Bg6 9. O-O-O Nc6 10. h4 h5 11. g5 Nd7 12. Bd3 Nf8 13. Nge2 a6 14. Be5 Nxe5 15.
dxe5 Qa5 16. f4 Bxd3 17. cxd3 g6 18. Kb1 Nd7 19. Rc1 Nb6 20. Rc2 Kd7 21. Nd4
Na4 22. Nb3 Nxc3+ 23. bxc3 Qb6 24. c4 Rhc8 25. cxd5 exd5 26. Rhc1 Ba3 27. Rxc8
Rxc8 28. Rxc8 Kxc8 29. d4 Qb4 30. Kc2 b6 31. Qd3 Qc4+ 32. Qxc4+ dxc4 33. Nd2 b5
34. Ne4 a5 35. Ng3 Bb4 36. f5 Kd7 37. e6+ Ke7 38. d5 Be1 39. f6+ Ke8 40. Ne4
fxe6 41. dxe6 Bb4 42. Kb2 Bf8 43. Kc3 Bb4+ 44. Kd4 Kd8 45. Kd5 Kc7 46. a4 c3
47. Nf2 c2 48. Nd3 bxa4 49. e7 Bxe7 50. fxe7 Kd7 51. e8=Q+ Kxe8 52. Ke6 a3 53.
Nc1 1-0

[Event "Verbandsliga MVP 2013-14"]
[Site "MVP"]
[Date "2013.12.15"]
[Round "4.5"]
[White "Lehmann, Ruben"]
[Black "Kiel, Bernd"]
[Result "1/2-1/2"]
[WhiteElo "1875"]
[BlackElo "1909"]
[PlyCount "120"]
[EventDate "2013.??.??"]
[EventType "team-tourn"]
[EventRounds "9"]
[EventCountry "GER"]
[SourceDate "2013.10.20"]
[WhiteTeam "SAV Torgelow-Drögeheide 90"]
[BlackTeam "SG Güstrow/Teterow"]
[WhiteTeamCountry "GER"]
[BlackTeamCountry "GER"]

1. c4 Nf6 2. Nc3 d5 3. d4 g6 4. Nf3 Bg7 5. Bg5 Ne4 6. cxd5 Nxg5 7. Nxg5 e6 8.
Nf3 exd5 9. e3 O-O 10. Be2 c6 11. O-O Nd7 12. b4 Nf6 13. Rc1 Bf5 14. b5 cxb5
15. Nxb5 a6 16. Nc3 Rc8 17. Qb3 Qa5 18. Na4 Ne4 19. Nc5 Nxc5 20. dxc5 Rxc5 21.
Qxb7 Bc8 22. Qb3 Re8 23. Rxc5 Qxc5 24. Rd1 Rd8 25. Bc4 Be6 26. e4 dxc4 27.
Rxd8+ Bf8 28. Qc2 Qc7 29. Rd1 Bg7 30. Ng5 Bg4 31. Rd5 h6 32. h3 Bc8 33. Nf3 Be6
34. Rd1 Qc5 35. Nd2 c3 36. Rc1 Qa5 37. Nb1 Bxa2 38. Nxc3 Be6 39. Nd5 Kh7 40.
Qc5 Qd2 41. Qe3 Qb2 42. Rd1 a5 43. Qd2 Qb3 44. f4 a4 45. Qd3 Qb2 46. f5 Bxd5
47. Qxd5 Qc2 48. Rd2 Qc1+ 49. Kf2 a3 50. Ke2 Qc7 51. Qb3 Qe7 52. Kf3 Qa7 53.
Qd5 Qe7 54. Re2 Qa7 55. g4 Bb2 56. fxg6+ Kxg6 57. Qf5+ Kg7 58. Rxb2 axb2 59.
Qe5+ Kg6 60. Qxb2 Qg1 1/2-1/2